[Event "AUTO-MASTER-573"]
[Site "http://www.queenalice.com/game.php?id=487440"]
[Date "2008.11.3"]
[Round "2"]
[White "luizantoniosetti"]
[Black "kulalking"]
[Result "0-1"]
[WhiteElo "2134"]
[BlackElo "2219"]

1. e4 e5 2. Nf3 Nc6 3. Bb5 a6 4. Ba4 b5 5. Bb3 Nf6 6. O-O Be7 7. Re1 d6 8. c3
O-O 9. h3 Be6 10. Bc2 d5 11. exd5 Qxd5 12. d4 exd4 13. cxd4 Qd6 14. Nc3 Rfe8 15.
Ne4 Nxe4 16. Bxe4 Rad8 17. Ng5 Bxg5 18. Bxg5 f6 19. d5 Bf7 20. Bh4 Nb4 21. Bg3
Qd7 22. Rc1 Nxd5 23. Qc2 g6 24. Bxd5 Rxe1+ 25. Rxe1 Bxd5 26. Qc3 Qf7 27. Qa5
Bxa2 28. Bxc7 Ra8 29. Bd6 Be6 30. Qb6 Kg7 31. Bb8 Bd5 32. Qc5 Rxb8 33. Re7 Re8
34. Rxf7+ Bxf7 35. b4 Re5 36. Qd4 Re2 37. g4 g5 38. f4 h6 39. f5 Rc2 40. Qa7 Rc4
41. Qxa6 Rxb4 42. Kf2 Rb2+ 43. Ke3 b4 44. Ke4 Rc2 45. Qd6 b3 46. Kd3 Rf2 47. Ke3
b2 48. Qb6 Rh2 49. Ke4 h5 50. Kd4 Rd2+ 51. Kc3 Rh2 52. Kd4 hxg4 53. hxg4 Rc2 0-1

[Event "AUTO-MASTER-573"]
[Site "http://www.queenalice.com/game.php?id=487441"]
[Date "2008.11.3"]
[Round "2"]
[White "kulalking"]
[Black "luizantoniosetti"]
[Result "1-0"]
[WhiteElo "2313"]
[BlackElo "2108"]

1. e4 e6 2. d4 d5 3. e5 c5 4. c3 Nc6 5. Nf3 Qb6 6. Bd3 Nge7 7. dxc5 Qxc5 8. O-O
Ng6 9. Re1 Qb6 10. b4 Qc7 11. Bxg6 hxg6 12. Bg5 Be7 13. Na3 Bxg5 14. Nb5 Qb6 15.
Nd6+ Kf8 16. Nxg5 Nxe5 17. Nxc8 1-0

[Event "AUTO-MASTER-573"]
[Site "http://www.queenalice.com/game.php?id=487448"]
[Date "2008.11.3"]
[Round "2"]
[White "kulalking"]
[Black "enzoiazo"]
[Result "0-1"]
[WhiteElo "2306"]
[BlackElo "2314"]

1. e4 e5 2. Nf3 d6 3. Bc4 Qe7 4. c3 Be6 5. Qb3 c6 6. Bxe6 fxe6 7. d4 Nf6 8. dxe5
Nxe4 9. exd6 Nxd6 10. O-O Na6 11. Re1 Nc5 12. Qd1 O-O-O 13. Bg5 Nf7 14. Bxe7
Rxd1 15. Rxd1 Bxe7 16. Nbd2 e5 17. b4 Nd7 18. Kf1 Bf6 19. Ne4 Kc7 20. Rd3 Nb6
21. Rad1 Rd8 0-1

[Event "AUTO-MASTER-573"]
[Site "http://www.queenalice.com/game.php?id=487449"]
[Date "2008.11.3"]
[Round "2"]
[White "enzoiazo"]
[Black "kulalking"]
[Result "1-0"]
[WhiteElo "2301"]
[BlackElo "2319"]

1. d4 Nf6 2. Nf3 d5 3. e3 Bf5 4. Bd3 Bg6 5. O-O e6 6. Nbd2 Bd6 7. b3 Bxd3 8.
cxd3 Nbd7 9. Bb2 Ng4 10. h3 Nh6 11. Ne5 O-O 12. Rc1 Rc8 13. f4 Nf5 14. Qf3 Bb4
15. Rf2 c5 16. g4 Nxe5 17. dxe5 Nh4 18. Qg3 Qe7 19. a3 Ba5 20. Nf1 Rc6 21. Kh1
Rb6 22. f5 1-0

[Event "BOARD 2,DIV D."]
[Site "http://www.queenalice.com/game.php?id=504819"]
[Date "2008.12.8"]
[Round "3"]
[White "kulalking"]
[Black "Stegyre"]
[Result "1-0"]
[WhiteElo "2269"]
[BlackElo "1935"]

1. e4 c5 2. d4 cxd4 3. c3 Nf6 4. e5 Nd5 5. Qxd4 e6 6. Nf3 g6 7. Bc4 Nc6 8. Qd1
Bg7 9. Bxd5 exd5 10. Qxd5 O-O 11. O-O Re8 12. Bf4 b6 13. Rd1 Qc7 14. Ng5 Rf8 15.
Nxf7 Rxf7 16. Qxf7+ Kxf7 17. e6+ dxe6 18. Bxc7 e5 19. Nd2 Bf5 20. Nc4 Re8 21.
Nd6+ Ke7 22. Nxe8 Kxe8 23. f3 Bf8 24. b4 Bg7 25. b5 Na5 26. Rd8+ Ke7 27. Ra8 e4
28. Rxa7 Kf6 29. Bxb6 Bf8 30. Rxa5 exf3 31. Bd4+ Kg5 32. gxf3 Bd6 33. b6 Kf4 34.
Rxf5+ Kxf5 35. Re1 1-0

[Event "QA-ANNIV-04"]
[Site "http://www.queenalice.com/game.php?id=514333"]
[Date "2008.12.29"]
[Round "4"]
[White "kulalking"]
[Black "Papageno"]
[Result "1-0"]
[WhiteElo "2271"]
[BlackElo "1983"]

1. e4 e5 2. Nf3 d6 3. Bc4 Nc6 4. c3 g6 5. d4 exd4 6. cxd4 Bg7 7. Qa4 Bd7 8. Qd1
Bg4 9. Qb3 Bxf3 10. Bxf7+ Kf8 11. Bxg8 Rxg8 12. Qxf3+ Bf6 13. d5 Nd4 14. Qd3 Kg7
15. O-O Rf8 16. Nc3 Be5 17. f4 Bf6 18. Be3 c5 19. dxc6 Nxc6 20. Nb5 Qe7 21. Nxd6
Rad8 22. Rad1 Bxb2 23. e5 Nxe5 24. Qb5 Bc3 25. Qc5 Bb2 26. Nf5+ 1-0

[Event "AUTO-OPEN-689"]
[Site "http://www.queenalice.com/game.php?id=537251"]
[Date "2009.2.8"]
[Round "3"]
[White "kulalking"]
[Black "erig1969"]
[Result "1-0"]
[WhiteElo "2264"]
[BlackElo "1952"]

1. e4 c5 2. d4 cxd4 3. c3 dxc3 4. Nxc3 g6 5. Bc4 Bg7 6. Nf3 e6 7. O-O Qc7 8. Qe2
Nc6 9. Nb5 Qb8 10. Rd1 Nh6 11. Nd6+ Kf8 12. Bf4 Nd8 13. Qd2 e5 14. Bxh6 Nc6 15.
Qd5 Nd8 16. Qxe5 Rg8 17. Qe8# 1-0

[Event "AUTO-OPEN-689"]
[Site "http://www.queenalice.com/game.php?id=537252"]
[Date "2009.2.8"]
[Round "3"]
[White "erig1969"]
[Black "kulalking"]
[Result "1-0"]
[WhiteElo "1967"]
[BlackElo "2245"]

1. d4 Nf6 2. Nf3 d5 3. c4 c6 4. e3 Bf5 5. Nbd2 e6 6. Nh4 Bg6 7. Nxg6 hxg6 8.
cxd5 cxd5 9. Qa4+ Nbd7 10. Nf3 Qb6 11. Bb5 a6 12. Bxd7+ Nxd7 13. O-O Bd6 14. h3
Rc8 15. Nd2 Qc6 16. Qxc6 Rxc6 17. a3 Nf6 18. b4 Rc7 19. Nb3 b6 20. Nd2 O-O 21.
Nf3 Ne4 22. Ne1 Rfc8 23. Nd3 Rc3 24. Rd1 Rc2 25. Bb2 Nxf2 26. Nxf2 Rxb2 27. Nd3
Rb3 28. Kf2 Rcc3 29. Ke2 Rxa3 30. Rxa3 Rxa3 31. Rc1 Ra4 32. Rb1 Kf8 33. b5 Ke7
34. bxa6 Rxa6 35. Kf3 g5 36. Nf2 f5 37. Rb3 e5 38. dxe5 Bxe5 39. Nd3 Bd6 40. Rb5
Ke6 41. Nc1 1-0

[Event "BOARD 2,DIV D."]
[Site "http://www.queenalice.com/game.php?id=619022"]
[Date "2009.7.15"]
[Round "4"]
[White "Joe_Boyd"]
[Black "kulalking"]
[Result "0-1"]
[WhiteElo "1908"]
[BlackElo "2228"]

1. e4 e5 2. f4 exf4 3. Nf3 Nf6 4. Nc3 d5 5. exd5 Nxd5 6. Nxd5 Qxd5 7. c4 Qe4+ 8.
Be2 Bd6 9. O-O O-O 10. d3 Qe7 11. Nd4 Bc5 12. Rxf4 Nc6 13. Re4 Bxd4+ 0-1

[Event "AUTO-OPEN-1208"]
[Site "http://www.queenalice.com/game.php?id=640883"]
[Date "2009.8.23"]
[Round "3"]
[White "kulalking"]
[Black "enzoiazo"]
[Result "0-1"]
[WhiteElo "2233"]
[BlackElo "2153"]

1. e4 Nf6 2. e5 Nd5 3. c4 Nb6 4. Nc3 d5 5. c5 N6d7 6. d4 e6 7. Bd3 c6 8. Nf3 b6
9. b4 a5 10. Ba3 axb4 11. Bxb4 bxc5 12. dxc5 Bxc5 13. Bxc5 Nxc5 14. Bc2 Ba6 15.
Qd4 Nbd7 16. Qe3 Qa5 17. Rd1 Rb8 18. Rd2 Rb2 19. Nd4 Nxe5 20. Qxe5 Qxc3 21. Qe3
Qxe3+ 22. fxe3 Kd7 23. Nb3 Nxb3 24. axb3 Kd6 25. Kf2 Rb8 26. Rhd1 c5 27. e4 d4
28. Ke1 Ke5 29. Ra1 Rb6 30. Ra5 Rc6 0-1

[Event "AUTO-OPEN-1208"]
[Site "http://www.queenalice.com/game.php?id=640884"]
[Date "2009.8.23"]
[Round "3"]
[White "enzoiazo"]
[Black "kulalking"]
[Result "1-0"]
[WhiteElo "2167"]
[BlackElo "2219"]

1. d4 Nf6 2. Nf3 d5 3. Bf4 e6 4. e3 c6 5. Bd3 Bd6 6. Bg3 O-O 7. O-O Nbd7 8. Nbd2
Nb6 9. a4 Bxg3 10. hxg3 Qe7 11. a5 Nbd7 12. c4 b5 13. cxb5 cxb5 14. Bxb5 Rb8 15.
Qe2 Qb4 16. Bxd7 Bxd7 17. Rfb1 Rb5 18. Qd3 Rxa5 19. Rxa5 Qxa5 20. Qa3 Qxa3 21.
bxa3 Rc8 22. Ne5 Be8 23. g4 h6 24. Rb7 a6 25. f3 h5 26. g5 Nh7 27. f4 Nf8 28.
Kf2 Rc2 29. Ke1 f6 30. gxf6 gxf6 31. Nd3 1-0

[Event "AUTO-OPEN-1208"]
[Site "http://www.queenalice.com/game.php?id=640885"]
[Date "2009.8.23"]
[Round "3"]
[White "kulalking"]
[Black "szachista92"]
[Result "0-1"]
[WhiteElo "2205"]
[BlackElo "2118"]

1. e4 e5 2. Nf3 Nf6 3. Nxe5 d6 4. Nf3 Nxe4 5. Qe2 Qe7 6. g3 Nc6 7. Bg2 Bg4 8.
O-O O-O-O 9. Qe3 Nc5 10. d4 Nd7 11. Qc3 d5 12. Re1 Qb4 13. Be3 Nf6 14. a3 Qxc3
15. Nxc3 h6 16. Ne5 Be6 17. Nxc6 bxc6 18. Ne2 g5 19. b3 Bg7 20. c3 Ne4 21. c4 f5
0-1

[Event "AUTO-OPEN-1208"]
[Site "http://www.queenalice.com/game.php?id=640886"]
[Date "2009.8.23"]
[Round "3"]
[White "szachista92"]
[Black "kulalking"]
[Result "1-0"]
[WhiteElo "2133"]
[BlackElo "2190"]

1. d4 Nf6 2. c4 e5 3. dxe5 Ng4 4. Nf3 Nc6 5. Bf4 Bb4+ 6. Nc3 Bxc3+ 7. bxc3 Qe7
8. e3 O-O 9. Bd3 h6 10. h3 Ngxe5 11. O-O d6 12. Nd4 Be6 13. Bxe5 Nxe5 14. f4
Nxc4 15. Qe2 Nb6 16. f5 Bd5 17. f6 gxf6 18. Qg4+ Kh8 19. Nf5 Rg8 20. Nxe7 Rxg4
21. hxg4 Bc6 22. Nxc6 1-0